Gobernalidad y seguridad democrática

Saved in:
Bibliographic Details
Main Author: Ansaldi, Waldo (Author)
Format: Book
Language:Spanish
Published: Santiago Comisión Sudamericana de Paz 1991
Series:Documento de Estudio, 1
Subjects:
Tags: Add Tag
No Tags, Be the first to tag this record!

MARC

LEADER 00000nam a2200000 a 4500
001 UCX4448
003 CL-VaPUC
005 20220314123449.0
008 920514e19910000cl 1 spa d
082 0 4 |a 320.2  |b ANS  |2 21 
100 |a Ansaldi, Waldo  |e author  |9 522018 
245 1 0 |a Gobernalidad y seguridad democrática 
260 |a Santiago  |b Comisión Sudamericana de Paz  |c 1991 
300 |a 75 p 
490 0 |a Documento de Estudio, 1 
583 |a last modification  |c 19920514 00:00:00  |k Rodrigo Vera 
650 0 0 |a Estabilidad política  |9 320627 
650 0 0 |a Democracia  |9 255256 
650 0 7 |a LEGITIMIDAD DE LOS GOBIERNOS  |2 CL-VaPUC  |9 320628 
942 |c BK 
945 |d 19920514 00:00:00 
546 |a En Español 
518 |p Seminario Gobernalidad y Seguridad Democrática en América del Sur, Santiago, Chile, 16-18 de Agosto, 1990 
999 |c 382149  |d 382147 
952 |0 0  |1 0  |4 0  |6 320_200000000000000_ANS_1991  |7 0  |8 A  |9 503701  |a BIBHIS  |b BIBHIS  |d 2020-01-23  |i 2908174  |o 320.2 ANS 1991  |p 2908174  |r 2025-01-20  |w 2020-01-23  |y BK  |k HIS